„The Boys“- Charaktere - Statistiken

Allgemein
  • Dieses Quiz wurde 26 mal gespielt
    10 seit der letzten Aktualisierung
  • Das Durchschnittsergebnis liegt bei 21 aus 28
Antwortstatistiken
Bildquiz Antwort % Korrekt
Ashley Barrett
100%
A Train
100%
Billy Butcher
100%
Black Noir
100%
Frenchie
100%
Homelander
100%
Marvin Milk
100%
Starlight
100%
Stormfront
100%
The Deep
100%
Firecracker
90%
Hughie Campbell
90%
Kimiko Miyashiro
90%
Ryan
90%
Sister Sage
90%
Soldier Boy
90%
Translucent
80%
Victoria Neuman
70%
Becca Butcher
60%
Lamplighter
60%
Madelyn Stillwell
60%
Queen Maeve
60%
Stan Edgar
60%
Popclaw
40%
Joe Kessler
20%
The Legend
20%
Mesmer
10%
Marathon Man
0%
Keine übereinstimmenden Quizze gefunden
Verteilung der Resultate
Anzahl Personen mit jedem Resultat
Perzentil nach korrekt beantworteten Fragen
Ihre Resultats-Entwicklung
Sie haben dieses Quiz seit der letzten Aktualisierung nicht gespielt